| 000 | 01051cam a2200301 i 4500 | ||
|---|---|---|---|
| 001 | 25105 | ||
| 003 | Mx-PuUPA | ||
| 005 | 20240417123016.0 | ||
| 008 | 140415s2004 mx gr 000 e spa d | ||
| 017 | _a4-1-990-04 | ||
| 020 | _a999057569X | ||
| 040 |
_cMx-PuUPA _aMx-PuUPA _bspa _dMx-PuUPA _erda |
||
| 041 | 0 | _aspa | |
| 100 | 1 |
_aMiranda Pacheco, Mario, _d1925- _915531 _eautor |
|
| 245 | 1 | 0 |
_aSignos y figuraciones de una época : _bantología de ensayos heterogéneos / _cMario Miranda Pacheco |
| 250 |
_aPrimera edición / _bmarzo |
||
| 264 | 1 |
_aMéxico, D.F : _bPlural Editores, _c2004 |
|
| 300 |
_a354 páginas ; _c22 cm |
||
| 336 |
_2rdacontent _atexto _btxt |
||
| 337 |
_2rdamedia _asin medio _bn |
||
| 338 |
_2rdacarrier _avolumen _bnc |
||
| 651 | 4 |
_aAmérica Latina _xHistoria _xEstudio y enseñanza _zBolivia |
|
| 651 | 4 |
_aBolivia _xHistoria _ySiglo XIX |
|
| 700 |
_a _e |
||
| 942 |
_2ddc _cLI _h984.04 _iM675 |
||
| 999 |
_c25105 _d25105 |
||